| 000 | 01378nam a22002537a 4500 | ||
|---|---|---|---|
| 999 |
_c61070 _d61070 |
||
| 003 | Ge_BSU | ||
| 005 | 20231213142723.0 | ||
| 008 | 231213s2018 ge ||||| |||| 00| 0 geo d | ||
| 041 | _ageo | ||
| 080 | _a634(075.8) მ-63 | ||
| 245 |
_aმეხილეობა : _bსახელმძღვანელო / _c ლ. ებრალიძე, შ. ლამპარაძე, დ. ჯაში, ნ. ჯაბნიძე; რედაქტორი ნუგზარ ოქროპირიძე; |
||
| 264 |
_aთბილისი : _bპოლიგრაფლუქსი, _c2018. |
||
| 300 |
_a208 გვ. : _bილ.; _c21 სმ. |
||
| 501 | _aსაძიებელი გვ. 206 | ||
| 504 | _aბიბლიოგრ. გვ. 207 | ||
| 653 | _aხეხილოვანი მცენარეები | ||
| 653 | _aხეხილოვანი მცენარეების მყნობა, გამრავლება | ||
| 700 |
_aებრალიძე, ლ. _eავტორი _91797 |
||
| 700 |
_aლამპარაძე, შ. _eავტორი _91799 |
||
| 700 |
_aჯაში, დ. _eავტორი _91805 |
||
| 700 |
_aჯაბნიძე, ნ. _eავტორი _920701 |
||
| 700 |
_aოქროპირიძე, ნუგზარ _eრედაქტორი _920702 |
||
| 942 |
_2udc _cᲬᲘᲒᲜᲘ |
||